000 00558nam a2200181 i 4500
001 96722
003 ES-MaACL
005 20231215063516.0
008 050630s1982 sp |||| | spa d
100 1 _aMallo, Tomás
_975818
245 1 3 _aEl antipositivismo en México /
_cTomás Mallo.
260 _a[Madrid :
_bs.n.],
_c1982.
300 _a14 p. ;
_c24 cm.
595 _aSeparata de: Cuadernos hispanoamericanos, n. 390, diciembre 1982.
650 4 _aFilosofía-
_zMéxico.
_9170943
852 _aES-MaACL
_j2133-F-23
999 _c96722
_d96722